Nylon Beatin tuotanto - Statistics

Yleistilastot
  • Tätä visaa on pelattu 14 kertaa
  • Keskiarvotulos 14 / 106
Vastaustilastot
Levy Vastaus % Oikein
Satasen laina Satasen laina
92%
12 apinaa 12 apinaa
83%
Valehtelija Viimeinen
83%
Satasen laina Kuumalle hiekalle
75%
Valehtelija Seksi vie ja taksi tuo
75%
Demo Syytön
67%
Valehtelija Valehtelija
58%
Extreme Anna Mulle
50%
Extreme Extreme
50%
Last in Line Last in Line
50%
Nylon Beat Naparengas
50%
Nylon Moon Nylon Moon
50%
Nylon Beat Teflon love
50%
12 apinaa Nukutaan
33%
12 apinaa Psykedeliaa
33%
Nylon Beat Rakastuin mä looseriin
33%
Demo Demoja
25%
Last in Line Guilty
25%
Satasen laina Jos
25%
Extreme Moka
25%
Demo Sairaanfuckingkipeenraastavaa
25%
Extreme Sanoja
25%
Demo Takapulpetin poika
25%
Demo Venäjää
25%
Single Comeback
17%
Nylon Moon If
17%
Last in Line | Nylon Moon Like A Fool
17%
Nylon Beat Oot kuin karkkia mulle
17%
Demo Syntinen
17%
Valehtelija Ainut jonka sain
8%
Extreme Ding dong
8%
Extreme Hei D.J.
8%
Nylon Beat Hei- me tehdään ydinkoe
8%
Satasen laina Huume
8%
Nylon Moon If I Had Your Number
8%
Extreme Kengät crocodile
8%
Nylon Beat Kreisi oon
8%
Nylon Beat Kun kundi pelkää
8%
Valehtelija Liikaa
8%
12 apinaa Petollinen päiväkirja
8%
Nylon Beat Pieni taivas
8%
Last in Line Poison
8%
Extreme Sano jee
8%
Nylon Beat Satelliitti irrallaan
8%
Satasen laina Senegalin yöt
8%
Extreme Shut up
8%
Extreme Tytöt haluaa
8%
Nylon Beat Valmis oon vaikka armeijaan
8%
12 apinaa Varaosasydän
8%
Demo Viha ja rakkaus
8%
Nylon Moon Why Me, Why You?
8%
Valehtelija Adios
0%
Nylon Moon Africa At Night
0%
Nylon Moon All Right
0%
12 apinaa Astu mun tarinaan
0%
Last in Line Black rain
0%
Last in Line Boy in The Back Row
0%
Nylon Moon Diving Deep
0%
Nylon Moon Don't Disappoint Me
0%
Nylon Beat Elämä on lyhyt
0%
12 apinaa Ennen aurinkoa karkaat
0%
Last in Line Enough of You
0%
Last in Line | Nylon Moon Eternal Love
0%
Nylon Moon Eternal Love (136 BPM)
0%
Satasen laina Faija päivystää
0%
Nylon Moon Fighter
0%
Demo Haloo avaruus
0%
Valehtelija Jonainen päivänä
0%
12 apinaa Kevytlinja
0%
Valehtelija Koditon
0%
Extreme Kutsu julkkis bailaamaan
0%
12 apinaa Lääke ikävään
0%
Nylon Beat Lä-lä-lä
0%
Last in Line Love and hate
0%
Nylon Moon L.O.V.E. blue
0%
Valehtelija Mies
0%
Nylon Beat Mikset mua sä jättänyt oo
0%
Nylon Beat Miksi on niin vaikeaa
0%
Demo Missä mennään
0%
Extreme Multa tulta saa
0%
Satasen laina Ne selviytyy
0%
12 apinaa Nopee
0%
Satasen laina Nylonkuu
0%
Satasen laina NYPD Blue
0%
Satasen laina Orja
0%
Valehtelija Paikka palaa
0%
Valehtelija Patteri
0%
12 apinaa Pelastusrengas
0%
Nylon Moon Princess
0%
12 apinaa Prinssi
0%
Last in Line Sex While A Taxi Ride
0%
Last in Line Sinner
0%
Demo Soita mulle
0%
Satasen laina Sukelletaan
0%
Extreme Täytyy säätää
0%
Nylon Moon Tell It To Your Mother
0%
Last in Line The One I Remember Most
0%
Single Umm ma ma
0%
Demo Vaihdan
0%
Demo Vaikka kuolisin
0%
Satasen laina Veit multa frendin
0%
Nylon Beat | Nylon Moon Yo-yo
0%
Ehtoja vastaavia visoja ei löytynyt
Tulosjakauma
Jokaisen tuloksen saaneiden osuus
Persentiili vastausten määrän mukaan
Tuloshistoriasi
Et ole pelannut tätä visaa